Deutsches und französisches, genossenschaftsrecht (Запись № 8279650)

Подробности
000 -МАРКЕР
контрольное поле 01060nam0a22002651 4500
001 - ИДЕНТИФИКАТОР ЗАПИСИ
контрольное поле RU\INFOCOMM_318\5000050019
005 - ИДЕНТИФИКАТОР ВЕРСИИ
контрольное поле 20250613102212.0
035 ## - ДРУГИЕ СИСТЕМНЫЕ НОМЕРА
Идентификатор записи (NLR Aleph) 009430336
100 ## - ДАННЫЕ ОБЩЕЙ ОБРАБОТКИ
Данные общей обработки 20121112d1929 |||y0rusy50 ca
101 0# - ЯЗЫК РЕСУРСА
Язык текста, звукозаписи и т.д. немецкий
102 ## - СТРАНА ПУБЛИКАЦИИ ИЛИ ПРОИЗВОДСТВА
Страна публикации российская федерация
105 ## - ПОЛЕ КОДИРОВАННЫХ ДАННЫХ: ТЕКСТОВЫЕ МАТЕРИАЛЫ, МОНОГРАФИЧЕСКИЕ
Кодированные данные о монографическом текстовом документе y z |||||
200 1# - ЗАГЛАВИЕ И СВЕДЕНИЯ ОБ ОТВЕТСТВЕННОСТИ
Основное заглавие Deutsches und französisches, genossenschaftsrecht
Сведения, относящиеся к заглавию Ein vergleich ...
-- Inaug.-Diss. ... der ... Rechts- und Staatswissenschaftlichen Fakultät der ... Universität zu Königsberg i. Pr. ...
Первые сведения об ответственности von Walter Holtz ...
210 ## - ПУБЛИКАЦИЯ, РАСПРОСТРАНЕНИЕ И ДР.
Место издания, распространения и т.д. Königsberg i. Pr.
Дата издания, распространения и т.д. 1929
Имя изготовителя druck der Ostpreussischen druck. und Verlagsanstalt A.-G.
215 ## - ФИЗИЧЕСКАЯ ХАРАКТЕРИСТИКА
Специфическое обозначение материала и объем 79 с.
Размеры 23 см
606 ## - НАИМЕНОВАНИЕ ТЕМЫ КАК ПРЕДМЕТ
Наименование темы Кооперация
Географический подзаголовок Франция
Код системы nlr_sh1
606 ## - НАИМЕНОВАНИЕ ТЕМЫ КАК ПРЕДМЕТ
Наименование темы Кооперативные товарищества
Тематический подзаголовок Правовое положение
Системный номер авторитетной/нормативной записи 1377928
Идентификатор авторитетной/нормативной записи RU\NLR\AUTH\66577994
620 ## - МЕСТО И ДАТА ПУБЛИКАЦИИ, ИСПОЛНЕНИЯ И Т. Д.
Страна Калининград
700 #1 - ИМЯ ЛИЦА - ПЕРВИЧНАЯ ОТВЕТСТВЕННОСТЬ
Начальный элемент ввода Holtz
Часть имени, кроме начального элемента ввода W.
Расширение инициалов личного имени Walter
801 #1 - ИСТОЧНИК ЗАПИСИ
Страна российская федерация
Организация NLR
Дата составления 20121113
801 #0 - ИСТОЧНИК ЗАПИСИ
Страна российская федерация
Организация INFOCOMM
Правила каталогизации PSBO
852 ## - МЕСТОНАХОЖДЕНИЕ И ШИФР ХРАНЕНИЯ
Идентификатор организации NLR
Шифр хранения (Call Number) Е-11/97
942 ## - ДОПОЛНИТЕЛЬНЫЕ ЭЛЕМЕНТЫ ЗАПИСИ (АБИС)
Тип экземпляра АБИС Книга
980 ## - КОЛЛЕКЦИЯ
Название коллекции Национальная библиография
Экземпляры
Тип экземпляра Дата поступления Библиотека постоянного хранения Библиотека текущего хранения Место хранения Шифр хранения Штрих-код Статус не для выдачи
Книга 26.10.2013 РНБ (Садовая) РНБ (Садовая) Иностранный книжный фонд, главное здание (Садовая) Е-11/97 9430336-10